MARC details
| 000 -LEADER |
| fixed length control field |
02830cam a22003858i 4500 |
| 001 - CONTROL NUMBER |
| control field |
21521406 |
| 003 - CONTROL NUMBER IDENTIFIER |
| control field |
OSt |
| 005 - DATE AND TIME OF LATEST TRANSACTION |
| control field |
20220301150447.0 |
| 008 - FIXED-LENGTH DATA ELEMENTS--GENERAL INFORMATION |
| fixed length control field |
200506s2020 nju 001 0 eng |
| 010 ## - LIBRARY OF CONGRESS CONTROL NUMBER |
| LC control number |
2020020366 |
| 020 ## - INTERNATIONAL STANDARD BOOK NUMBER |
| International Standard Book Number |
9781119554134 |
| Qualifying information |
(paperback) |
| 020 ## - INTERNATIONAL STANDARD BOOK NUMBER |
| Canceled/invalid ISBN |
9781119554301 |
| Qualifying information |
(adobe pdf) |
| 020 ## - INTERNATIONAL STANDARD BOOK NUMBER |
| Canceled/invalid ISBN |
9781119554295 |
| Qualifying information |
(epub) |
| 040 ## - CATALOGING SOURCE |
| Original cataloging agency |
DLC |
| Language of cataloging |
eng |
| Description conventions |
rda |
| Transcribing agency |
DLC |
| 042 ## - AUTHENTICATION CODE |
| Authentication code |
pcc |
| 050 00 - LIBRARY OF CONGRESS CALL NUMBER |
| Classification number |
P118.2 |
| Item number |
.H86 2020 |
| 082 00 - DEWEY DECIMAL CLASSIFICATION NUMBER |
| Classification number |
2021 |
| Edition number |
DC 418.0071 |
| Item number |
H883 |
| 100 1# - MAIN ENTRY--PERSONAL NAME |
| Personal name |
Hummel, Kirsten M., |
| Relator term |
author. |
| 9 (RLIN) |
44165 |
| 245 10 - TITLE STATEMENT |
| Title |
Introducing second language acquisition: |
| Remainder of title |
perspectives and practices/ |
| Statement of responsibility, etc. |
Kirsten Hummel. |
| 250 ## - EDITION STATEMENT |
| Edition statement |
2nd edition. |
| 263 ## - PROJECTED PUBLICATION DATE |
| Projected publication date |
2011 |
| 264 #1 - PRODUCTION, PUBLICATION, DISTRIBUTION, MANUFACTURE, AND COPYRIGHT NOTICE |
| Place of production, publication, distribution, manufacture |
Hoboken, NJ : |
| Name of producer, publisher, distributor, manufacturer |
Wiley-Blackwell, |
| Date of production, publication, distribution, manufacture, or copyright notice |
©2021. |
| 300 ## - PHYSICAL DESCRIPTION |
| Extent |
x, 312 pages: |
| Other physical details |
illustrations; |
| Dimensions |
25 cm. |
| 336 ## - CONTENT TYPE |
| Content type term |
text |
| Content type code |
txt |
| Source |
rdacontent |
| 337 ## - MEDIA TYPE |
| Media type term |
unmediated |
| Media type code |
n |
| Source |
rdamedia |
| 338 ## - CARRIER TYPE |
| Carrier type term |
volume |
| Carrier type code |
nc |
| Source |
rdacarrier |
| 490 0# - SERIES STATEMENT |
| Series statement |
Linguistics in the world |
| 500 ## - GENERAL NOTE |
| General note |
Includes glossary and index. |
| 520 ## - SUMMARY, ETC. |
| Summary, etc. |
"Fully updated throughout to reflect the most up-to-date research in the field, Introducing Second Language Acquisition: Perspectives and Practices, Second Edition, represents a clear and concise introduction to the main concepts, issues, and debates in second language acquisition studies, aimed specifically at students encountering the topic for the first time. In this second edition, a new structure of the book is introduced to include separate chapters on Theoretical Perspectives: Past and Present and Theoretical Perspectives: The Learner as Language Processor. New content also includes sections on Translanguaging, L2 academic language/literacy development, and Skill Acquisition Theory. This textbook combines a full range of engaging pedagogical features and comprehensive coverage, with an accessible and lighthearted approach which continues to appeal to students. With a focus on practical applications, discussions are backed up with references to the latest and most important research. The text aids student learning with "language learning in practice" textboxes; bolded new terms defined in the margins; an end-of-book glossary; self-assessment and classroom discussion questions; exercise and project ideas; and further online viewing sections. With a strong focus on the fundamentals, this is an innovative guide to second language acquisition ideal for introductory students in a range of disciplines"-- |
| Assigning source |
Provided by publisher. |
| 650 #0 - SUBJECT ADDED ENTRY--TOPICAL TERM |
| Topical term or geographic name as entry element |
Second language acquisition. |
| 9 (RLIN) |
44166 |
| 776 08 - ADDITIONAL PHYSICAL FORM ENTRY |
| Relationship information |
Online version: |
| Main entry heading |
Hummel, Kirsten M. |
| Title |
Introducing second language acquisition. |
| Edition |
2nd edition. |
| Place, publisher, and date of publication |
Hoboken, NJ : Wiley-Blackwell, [2020] |
| International Standard Book Number |
9781119554301 |
| Record control number |
(DLC) 2020020367 |
| 906 ## - LOCAL DATA ELEMENT F, LDF (RLIN) |
| a |
7 |
| b |
cbc |
| c |
orignew |
| d |
1 |
| e |
ecip |
| f |
20 |
| g |
y-gencatlg |
| 942 ## - ADDED ENTRY ELEMENTS (KOHA) |
| Source of classification or shelving scheme |
Dewey Decimal Classification |
| Koha item type |
Circulation |